Movies Quiz

Random Movies Quiz

Movies By Synonyms Quiz Stats

 Plays Quiz not verified by Sporcle

Score 0/30 Timer 05:00
0 Plays Today
Synonyms Movie % Correct
4 + 3Se7en
92.1%
Spooky FilmScary Movie
89.8%
Large FatherBig Daddy
86.5%
Arachnid GuySpiderman
84.9%
Murder WilliamKill Bill
83.8%
An Evening at the Exhibits ArchiveA Night at the Museum
79.9%
NewscasterAnchorman
77.5%
Santa's Little HelperElf
76.6%
6th day of the weekFriday
75%
Achieve Wealth or Perish Attemping ItGet Rich or Die Trying
72.7%
Brawl GangFight Club
72.5%
Objective: Highly UnlikelyMission: Impossible
68.8%
WreckCrash
65.3%
12.87 Kilometer8 mile
62.6%
JealousyEnvy
57.9%
Synonyms Movie % Correct
Convenience Store EmployeesClerks
54.5%
Great Deal of Money InfantMillion Dollar Baby
51.6%
Luminous Body of GorillasPlanet of the Apes
49.6%
ReallyNotGoodSuperbad
49.3%
Fe DudeIronman
45.7%
ArachnidCandlepiece NewspapersThe Spiderwick Chronicles
41.3%
WarriorGladiator
41.3%
Stair RelativesStep Brothers
41%
Rescuing Ag GuySaving Silverman
36.5%
Tiny Girl Light of DayLittle Miss Sunshine
34.6%
Very Warm PoleHot Rod
24.6%
Novelty TaleToy Story
23.5%
Half ExpertSemi Pro
21.8%
AvoidSphereDodgeball
17.8%
Grounds of the AstrayLand of the Lost
17.4%

You're not logged in!

Compare scores with friends on all Sporcle quizzes.
OR
Log In

Sporcle TV

Today on Sporcle TV


Watch our educational content, quiz creation guides, and fun videos on Sporcle TV.

Show Comments

Extras

Created Dec 6, 2009ReportNominate
Tags:synonym

Top Quizzes Today


Score Distribution

Your Account Isn't Verified!

In order to create a playlist on Sporcle, you need to verify the email address you used during registration. Go to your Sporcle Settings to finish the process.

Report this User

Report this user for behavior that violates our Community Guidelines.

Details: